000 00776nam a22002297a 4500
005 20170124110213.0
010 _aB-078098
020 _c295.00
_a8172235100
035 _aB-078098
037 _bCen Lib/ Ret
040 _aDPL
_bEN
082 _a921
_bALL
100 _aAllende, Isabel
_928593
245 _aMy invented country :
_cby Isabel Allende; translated by Margret Sayers Peden
_ba memoir /
260 _aNew Delhi
_bHarper Collins Publishers
_c2003
270 _bNew Delhi
_a1A hamilton house, connaught place
_e110001
300 _axv, 199p.
_c19cm(pbk)
650 _aAuthors, Chilean -- 20th century -- Biography
_973232
650 _aAllende, Isabel
_973233
700 _aPeden, Margret Sayers
_938576
942 _2ddc
_cEN
_h921
_mALL
999 _c133668
_d133668